<?xml version="1.0" encoding="UTF-8"?><?xml-stylesheet type="text/xsl" href="static/style.xsl"?><OAI-PMH xmlns="http://www.openarchives.org/OAI/2.0/" xmlns:xsi="http://www.w3.org/2001/XMLSchema-instance" xsi:schemaLocation="http://www.openarchives.org/OAI/2.0/ http://www.openarchives.org/OAI/2.0/OAI-PMH.xsd"><responseDate>2026-04-14T02:15:42Z</responseDate><request verb="GetRecord" identifier="oai:www.recercat.cat:2117/189477" metadataPrefix="marc">https://recercat.cat/oai/request</request><GetRecord><record><header><identifier>oai:recercat.cat:2117/189477</identifier><datestamp>2026-01-30T07:02:32Z</datestamp><setSpec>com_2072_1033</setSpec><setSpec>col_2072_452950</setSpec></header><metadata><record xmlns="http://www.loc.gov/MARC21/slim" xmlns:dcterms="http://purl.org/dc/terms/" xmlns:xsi="http://www.w3.org/2001/XMLSchema-instance" xmlns:doc="http://www.lyncode.com/xoai" xsi:schemaLocation="http://www.loc.gov/MARC21/slim http://www.loc.gov/standards/marcxml/schema/MARC21slim.xsd">
   <leader>00925njm 22002777a 4500</leader>
   <datafield ind2=" " ind1=" " tag="042">
      <subfield code="a">dc</subfield>
   </datafield>
   <datafield ind2=" " ind1=" " tag="720">
      <subfield code="a">Ortiz Ripoll, Jorge</subfield>
      <subfield code="e">author</subfield>
   </datafield>
   <datafield ind2=" " ind1=" " tag="720">
      <subfield code="a">Crisén, Xavier</subfield>
      <subfield code="e">author</subfield>
   </datafield>
   <datafield ind2=" " ind1=" " tag="720">
      <subfield code="a">Miró Recasens, José Rodrigo</subfield>
      <subfield code="e">author</subfield>
   </datafield>
   <datafield ind2=" " ind1=" " tag="720">
      <subfield code="a">Martínez Reguero, Adriana Haydée</subfield>
      <subfield code="e">author</subfield>
   </datafield>
   <datafield ind2=" " ind1=" " tag="260">
      <subfield code="c">2019</subfield>
   </datafield>
   <datafield ind2=" " ind1=" " tag="520">
      <subfield code="a">ARNÓ, con la colaboración de la Universidad Politécnica de Cataluña, ha desarrollado una herramienta de cálculo, denominada ECCO2, para estimar los impactos ambientales de mezclas bituminosas producidas con distintos materiales y tecnologías, y en condiciones de producción muy diversas. Permite anticipar los efectos de utilizar diferentes fórmulas de trabajo, tipos de áridos, betunes, aditivos, tasas de reciclado, temperaturas de fabricación, combustibles, rendimientos y distancias de transporte, entre otros. Se apoya en contabilidades ambientales teóricas, aunque incorpora diversas aproximaciones empíricas, cuya precisión se espera mejorar según se acumulen resultados de sucesivas mediciones efectuadas “in situ”. ECCO2 se ha basado en la metodología Análisis de Ciclo de Vida para prevenir que meros desplazamientos de cargas ambientales entre distintas etapas del ciclo de vida o procesos productivos puedan valorarse como mejoras ambientales. En la presente comunicación se describen los modelos de cálculo utilizados, las procedencias de los datos y las alternativas que pueden ser objeto de comparación. Algunas de las posibilidades al alcance de ECCO2 se ilustran con los resultados de una comparación que se propone como ejemplo. ECCO2 es una herramienta de cálculo de libre acceso a través de la web de ARNÓ (www.arno.es) o, directamente en http://www.arno.es/es/ecco2/ desde mayo de 2019.</subfield>
   </datafield>
   <datafield ind2=" " ind1=" " tag="520">
      <subfield code="a">ARNÓ inició en 2017 un proyecto de investigación denominado ASFALTMIN (Mezclas Asfálticas de mínimas emisiones y demanda energética), con la ayuda de CDTI, Centro para el Desarrollo Tecnológico e Industrial del Ministerio de Economía y Competitividad. El presente estudio, junto con el desarrollo de la herramienta de cálculo ECCO2 ha constituido su primera actividad. Los autores desean agradecer a CDTI la ayuda prestada.</subfield>
   </datafield>
   <datafield ind2=" " ind1=" " tag="520">
      <subfield code="a">Postprint (published version)</subfield>
   </datafield>
   <datafield tag="653" ind2=" " ind1=" ">
      <subfield code="a">Àrees temàtiques de la UPC::Enginyeria civil::Infraestructures i modelització dels transports::Transport per carretera</subfield>
   </datafield>
   <datafield tag="653" ind2=" " ind1=" ">
      <subfield code="a">Bituminous materials--Environmental aspects</subfield>
   </datafield>
   <datafield tag="653" ind2=" " ind1=" ">
      <subfield code="a">Impactos ambientales</subfield>
   </datafield>
   <datafield tag="653" ind2=" " ind1=" ">
      <subfield code="a">Emisiones CO2</subfield>
   </datafield>
   <datafield tag="653" ind2=" " ind1=" ">
      <subfield code="a">Análisis de ciclo de vida</subfield>
   </datafield>
   <datafield tag="653" ind2=" " ind1=" ">
      <subfield code="a">Mezclas bituminosas</subfield>
   </datafield>
   <datafield tag="653" ind2=" " ind1=" ">
      <subfield code="a">Materials bituminosos</subfield>
   </datafield>
   <datafield ind2="0" ind1="0" tag="245">
      <subfield code="a">Valoración de emisiones de gases de efecto invernadero de mezclas bituminosas mediante el modelo ECCO2</subfield>
   </datafield>
</record></metadata></record></GetRecord></OAI-PMH>